Rozvoj cestovného ruchu v Poľsku a jeho stratégia do roku 2006

Súčasný stav a perspektívy rozvoja cestovného ruchu v Poľsku. Ciele a stratégie rozvoja cestovného ruchu do roku 2006. Nástroje, ktoré sa využijú pri realizácii stratégie.

Salvato in:
Dettagli Bibliografici
Autore principale: Staszewska, Jolanta
Natura: Capitolo di libro
Lingua:slovacco
Soggetti:
Tags: Aggiungi Tag
Nessun Tag, puoi essere il primo ad aggiungerne!!

MARC

LEADER 00000naa$a2200000$$$4500
001 0003718
005 20230724111831.9
041 0 |a slo 
044 |a SK 
245 1 0 |a Rozvoj cestovného ruchu v Poľsku a jeho stratégia do roku 2006  |c aut. Jolanta Staszewska 
520 |a Súčasný stav a perspektívy rozvoja cestovného ruchu v Poľsku. Ciele a stratégie rozvoja cestovného ruchu do roku 2006. Nástroje, ktoré sa využijú pri realizácii stratégie. 
610 2 0 |a ruch cestovný 
610 2 0 |a Poľsko 
610 2 0 |a prognózy 
610 2 0 |a 2006 
100 1 |a Staszewska, Jolanta